| 000 | 01210nam1a22002651 4500 | ||
|---|---|---|---|
| 001 | rc\2831929 | ||
| 005 | 20250807190301.0 | ||
| 035 | _a(NLR Aleph) 006989864 | ||
| 090 |
_a88760 _c88760 |
||
| 100 | _a20110626d1945 c y0rusy50 ca | ||
| 101 | 1 |
_abel _crus |
|
| 102 |
_aRU _aBY |
||
| 105 | _a||||j||||||y| | ||
| 200 | 1 |
_aПрыродазнаўства _eпадручнік для пачатковай школы _e[перевод с 11-го рус. изд. _eв 2 ч.] _fВ. А. Тецюрэў |
|
| 210 |
_aМінск _aМасква _cДзяржаўнае выд-ва БССР _d1945 _eМасква _gКрасный пролетарий |
||
| 215 | _d20–22 | ||
| 700 | 1 |
_aТетюрев _bВ. А. _f1899- _gВладимир Алексеевич _3RU\NLR\AUTH\770278551 |
|
| 852 |
_aNLR _jШифры разные |
||
| 899 | _aНБ Беларуси | ||
| 942 | _cBOOK | ||
| 945 | _aРоссийская национальная библиотека | ||
| 980 | _aBEL | ||
| 980 | _aBV | ||